Les 20 plus grandes villes d'Asie. - Statistiques

Statistiques générales
  • Ce quiz a été pris 528 fois
    475 depuis la dernière actualisation
  • Le résultat moyen est 15 sur 20
Statistiques - réponses
Pays Population Ville % Correct
Japon 37 400 000 Tokyo
100%
Corée du Sud 25 600 000 Séoul
99%
Inde 22 300 000 New Delhi
97%
Indonésie 18 900 000 Jakarta
95%
Chine 12 400 000 Pékin
95%
Chine 24 150 000 Shanghai
95%
Inde 21 900 000 Mumbai
93%
Philippines 15 200 000 Manille
89%
Thailande 8 550 000 Bangkok
88%
Japon 17 800 000 Osaka
81%
Bangladesh 13 600 000 Dacca
77%
Chine 11 200 000 Canton
75%
Inde 15 400 000 Calcutta
72%
Pakistan 14 500 000 Karachi
65%
Chine 9 350 000 Wuhan
54%
Inde 7 150 000 Bangalore
45%
Chine 9 950 000 Shenzhen
43%
Japon 8 200 000 Nagoya
40%
Inde 7 750 000 Chennai
32%
Chine 9 600 000 Chongqing
26%
Aucun quiz correspondant
Distribution des résultats
% des personnes avec chaque résultat
Percentile par nombre de réponses
Votre historique - résultats
Vous n’avez pas pris ce quiz depuis la dernière actualisation